Normal view MARC view
  • Estudiantes

Entry Materia

Number of records used in: 221

001 - NÚMERO DE CONTROL DEL REGISTRO

  • campo de control: 13250

003 - IDENTIFICADOR DE NUMERO DE CONTROL

  • campo de control: MX-MxUPN

005 - FECHA Y HORA DE LA ÚLTIMA TRANSACCIÓN

  • campo de control: 20240923161544.0

008 - DATOS DE LONGITUD FIJA

  • campo de control de longitud fija: 221025n| acnnnbabn | ana |d

035 ## - NÚMERO DE CONTROL DEL SISTEMA

  • Número de control del sistema: UPN10000013258

040 ## - FUENTE DE LA CATALOGACIÓN

  • Centro catalogador de origen: UPN
  • Lengua de catalogación: spa
  • Agencia de transcripción: UPN

046 ## - FECHAS CON CODIFICACIÓN ESPECIAL

  • Fecha final para contenidos agregados: 2022

150 ## - ENCABEZAMIENTO - TEMÁTICO

  • Término de materia o nombre geográfico como elemento inicial: Estudiantes

360 ## - REFERENCIA COMPLEJA DE VÉASE ADEMÁS - MATERIA

  • Texto explicativo: Véase también subdivisión de
  • Encabezamiento al que se remite: ESTUDIANTES
  • Texto explicativo: bajo nombres de universidades. Ej.:
  • Encabezamiento al que se remite: HARVARD UNIVERSITY - ESTUDIANTES

670 ## - FUENTE EN LA QUE SE LOCALIZARON DATOS

  • Cita de la fuente: E

902 ## - CATALOGADOR

  • Catalogador: MMA/120297